000 00415nab a2200145Ia 4500
003 ES-SlBCS
005 20210601125508.0
008 140529s2005 xxu||||| |||| 00| 0 eng d
041 _aeng
100 1 _aHibbs, H. Darren
_9159313
245 0 0 _aWho's an Idealist
_c H. Darren Hibbs
650 0 4 _aIdealismo
_988991
773 0 _tReview of Methaphysics
_gvol. 58/3, nº. 231, 2005, págs. 561-570
_wRev843
942 _cAR
999 _c531254
_d531254